banner-ar

OSTERREICH / (Record no. 25427)

MARC details
000 -الفاتح
حقل البيانات ثابتة الطول 00396nam a2200169Ia 4500
040 ## - مصدر الفهرسة
وكالة الفهرسة الأصلية GCL /
وكالة النسخ GCL
082 04 - رقم تصنيف ديوى العشرى
رقم التصنيف 901.09436
رقم المادة Z O
100 1# - المدخل الرئيسى - إسم شخصى
الإسم الشخصى ZIEGLER, OTTO
245 10 - بيان العنوان
العنوان OSTERREICH /
بيان المسئوليه,etc ZIEGLER, OTTO
700 1# - المدخل الاضافى - اسم شخصى
الإسم الشخصى STENZEL, GERHARD
260 ## - PUBLICATION, DISTRIBUTION, ETC. (IMPRINT)
تاريخ النشر أو التوزيع 1976
650 04 - المدخل الاضافى بالموضوع-مصطلح موضوعى
مصطلح موضوعي VOYAGES AND TRAVELS
650 04 - المدخل الاضافى بالموضوع-مصطلح موضوعى
مصطلح موضوعي VOYAGES
650 04 - المدخل الاضافى بالموضوع-مصطلح موضوعى
مصطلح موضوعي AUSTRIA
942 ## - عناصر المدخل الإضافي( كوها)
مصدر التصنيف او مخطط الترفيف Dewey Decimal Classification
Koha [default] item type كتاب
260 ## - PUBLICATION, DISTRIBUTION, ETC. (IMPRINT)
-- [S.N] :
-- STURTZ VERLAG ،
Holdings
حالة التراجع حالة الفقد حالة تلف ليس للاعارة المكان المؤقت الموقع الحالى تاريخ الاكتساب اجمالي اﻻعارات رقم الطلب الباركود تاريخ اخر مشاهدة تاريخ تفعيل السعر نوع وعاء كوها
        مكتبة القاهرة الكبرى مكتبة القاهرة الكبرى 03/26/2014   901.09436\Z O 44776 03/26/2014 03/26/2014 كتاب

Powered By

EGPV